<?xml version="1.0" encoding="UTF-8"?>
<record
    xmlns:xsi="http://www.w3.org/2001/XMLSchema-instance"
    xsi:schemaLocation="http://www.loc.gov/MARC21/slim http://www.loc.gov/standards/marcxml/schema/MARC21slim.xsd"
    xmlns="http://www.loc.gov/MARC21/slim">

  <leader>00846nam a2200277Ia 4500</leader>
  <controlfield tag="003">OSt</controlfield>
  <controlfield tag="005">20221006160151.0</controlfield>
  <controlfield tag="006">a|||||r|||| 00| 0 </controlfield>
  <controlfield tag="007">ta</controlfield>
  <controlfield tag="008">221006b        |||||||| |||| 00| 0 chi d</controlfield>
  <datafield tag="020" ind1=" " ind2=" ">
    <subfield code="a">9788962970302</subfield>
    <subfield code="c">W25,000</subfield>
  </datafield>
  <datafield tag="024" ind1=" " ind2=" ">
    <subfield code="a">44,505</subfield>
  </datafield>
  <datafield tag="037" ind1=" " ind2=" ">
    <subfield code="b">Gift, KCC (Window on Korea)</subfield>
    <subfield code="c">Annuals, Advances</subfield>
  </datafield>
  <datafield tag="040" ind1=" " ind2=" ">
    <subfield code="a">EASL</subfield>
    <subfield code="c">EASL</subfield>
    <subfield code="b">chi</subfield>
  </datafield>
  <datafield tag="041" ind1=" " ind2=" ">
    <subfield code="2">chi</subfield>
    <subfield code="a">chi</subfield>
  </datafield>
  <datafield tag="082" ind1=" " ind2=" ">
    <subfield code="a">V1:19(zQ), Q0</subfield>
  </datafield>
  <datafield tag="100" ind1=" " ind2=" ">
    <subfield code="a">Academy of Korean studies</subfield>
  </datafield>
  <datafield tag="245" ind1=" " ind2="0">
    <subfield code="a">2009 civilization and peace</subfield>
  </datafield>
  <datafield tag="260" ind1=" " ind2=" ">
    <subfield code="a">Seoul</subfield>
    <subfield code="b">JImoondang Korea     </subfield>
    <subfield code="c">2010</subfield>
  </datafield>
  <datafield tag="300" ind1=" " ind2=" ">
    <subfield code="a">293p.</subfield>
    <subfield code="c">cm.</subfield>
  </datafield>
  <datafield tag="490" ind1=" " ind2=" ">
    <subfield code="v"> Gen</subfield>
  </datafield>
  <datafield tag="650" ind1=" " ind2=" ">
    <subfield code="a"> Gen</subfield>
  </datafield>
  <datafield tag="650" ind1=" " ind2=" ">
    <subfield code="a">Conversation between world peace and civilization</subfield>
    <subfield code="9">672184</subfield>
  </datafield>
  <datafield tag="942" ind1=" " ind2=" ">
    <subfield code="h">V1:19(zQ), Q0</subfield>
    <subfield code="c">REF</subfield>
    <subfield code="2">CC</subfield>
  </datafield>
  <datafield tag="999" ind1=" " ind2=" ">
    <subfield code="c">1112597</subfield>
    <subfield code="d">1112597</subfield>
  </datafield>
  <datafield tag="952" ind1=" " ind2=" ">
    <subfield code="0">0</subfield>
    <subfield code="1">0</subfield>
    <subfield code="2">CC</subfield>
    <subfield code="4">0</subfield>
    <subfield code="7">0</subfield>
    <subfield code="a">EASL</subfield>
    <subfield code="b">EASL</subfield>
    <subfield code="d">2022-10-06</subfield>
    <subfield code="e">Gift, KCC (Window on Korea)</subfield>
    <subfield code="h"> Gen</subfield>
    <subfield code="l">0</subfield>
    <subfield code="o">V1:19(zQ) Q0</subfield>
    <subfield code="p">EA1397259</subfield>
    <subfield code="r">2022-10-06 00:00:00</subfield>
    <subfield code="w">2022-10-06</subfield>
    <subfield code="y">REF</subfield>
  </datafield>
</record>
